Normal view
MARC view
- ميرلو-بونتي،موريس ، لوفور،كلود/اعداد ، خضر،سعاد محمد/ترجمة وتعليق ، داغر،نقولا/مراجعة
Entry Personal Name
001 - CONTROL NUMBER
- control field: 13366
003 - CONTROL NUMBER IDENTIFIER
- control field: JO-AjAnu
005 - DATE AND TIME OF LATEST TRANSACTION
- control field: 20230606072434.0
008 - FIXED-LENGTH DATA ELEMENTS
- fixed length control field: 230606|| aca||aabn | a|a d
040 ## - CATALOGING SOURCE
- Original cataloging agency: JO-AjAnu
- Transcribing agency: JO-AjAnu
100 ## - HEADING--PERSONAL NAME
- Personal name: ميرلو-بونتي،موريس ، لوفور،كلود/اعداد ، خضر،سعاد محمد/ترجمة وتعليق ، داغر،نقولا/مراجعة
670 ## - SOURCE DATA FOUND
- Source citation: Work cat.: (JO-AjAnu)6878: ميرلو-بونتي،موريس ، لوفور،كلود/اعداد ، خضر،سعاد محمد/ترجمة وتعليق ، داغر،نقولا/مراجعة , author, المرئي واللامرئي متبوعا بملاحظات العمل